| 000 | 00443nam a22001817a 4500 | ||
|---|---|---|---|
| 003 | MPLRDC | ||
| 005 | 20220104144327.0 | ||
| 008 | 210129b ||||| |||| 00| 0 eng d | ||
| 020 | _a983-169-079-6 | ||
| 082 | _a868.71 FX-13 | ||
| 100 | _a甄供编 | ||
| 245 |
_a方修研究论集 _c |
||
| 260 |
_a _b董总 _c2002 |
||
| 300 | _b平 | ||
| 490 | _a马华作家作品研究丛书. 2 | ||
| 650 | _a马华文学 | ||
| 942 |
_cBK _o868.71 FX-13 |
||
| 999 |
_c48535 _d48525 |
||